[Event "11th EUR-ch"]
[Site "Rijeka CRO"]
[Date "2010.03.12"]
[Round "7"]
[White "Reinwald, Patrick"]
[Black "Zelic, Mladen"]
[Result "1/2-1/2"]
[WhiteElo "2091"]
[BlackElo "2306"]
[EventDate "2010.03.06"]
[PlyCount "73"]

1.e4 e5 2.Nf3 Nc6 3.d4 exd4 4.Nxd4 Bc5 5.Be3 Qf6 6.c3 Qg6 7.Qe2 Nge7 8.Nb5
Bxe3 9.Qxe3 Kd8 10.Nd2 Re8 11.O-O-O a6 12.Nd4 Nxd4 13.Qxd4 Nc6 14.Qe3 d6 
15.f3 Be6 16.Bc4 Kd7 17.Bxe6+ Rxe6 18.Nb3 Ke8 19.g3 Kf8 20.Nd4 Nxd4 21.
cxd4 d5 22.Qa3+ Kg8 23.exd5 Qg5+ 24.f4 Qxd5 25.Rhe1 Rxe1 26.Rxe1 Qxd4 27.
Qe7 Qc4+ 28.Kb1 h6 29.Rc1 Qd3+ 30.Ka1 Rc8 31.a3 b5 32.Rxc7 Qd1+ 33.Ka2 
Qd5+ 34.Ka1 Rxc7 35.Qxc7 Qh1+ 36.Ka2 Qxh2 37.Qc8+ 1/2-1/2

[Event "11th EUR-ch"]
[Site "Rijeka CRO"]
[Date "2010.03.12"]
[Round "7"]
[White "Pesotskyi, Vitaly"]
[Black "Lazic, Dusko"]
[Result "1-0"]
[WhiteElo "2282"]
[BlackElo "2046"]
[EventDate "2010.03.06"]
[PlyCount "97"]

1.e4 e5 2.Nf3 Nc6 3.Nc3 Nf6 4.Bb5 d6 5.d4 exd4 6.Nxd4 Bd7 7.O-O Nxd4 8.
Bxd7+ Nxd7 9.Qxd4 Qf6 10.Qa4 c6 11.Be3 Be7 12.Qb3 b6 13.Qa4 b5 14.Qa6 O-O 
15.Qxc6 Ne5 16.Qxb5 Rab8 17.Qe2 Qh4 18.Nd5 Bd8 19.Bd4 f5 20.Bxe5 dxe5 21.
b3 f4 22.f3 Bb6+ 23.Nxb6 Rxb6 24.Qf2 Qg5 25.Rfd1 Rh6 26.Rd7 Qh5 27.h3 Qg5 
28.Kf1 Kh8 29.Rad1 Rg8 30.Rxa7 Rg6 31.c4 Qh5 32.b4 Rg3 33.c5 Qe8 34.Rad7 
Qe6 35.a3 Qa6+ 36.Kg1 Qxa3 37.b5 h5 38.b6 g5 39.b7 g4 40.hxg4 hxg4 41.fxg4
Qa5 42.g5 Qb5 43.g6 R8xg6 44.b8=Q+ Qxb8 45.Rd8+ Qxd8 46.Rxd8+ Kh7 47.Kf1 
Rh6 48.Rd7+ Kg6 49.Rd6+ 1-0

[Event "11th EUR-ch"]
[Site "Rijeka CRO"]
[Date "2010.03.12"]
[Round "7"]
[White "Valkovic, Kristian"]
[Black "Dimitrijevic, Darko"]
[Result "1/2-1/2"]
[WhiteElo "2027"]
[BlackElo "2272"]
[EventDate "2010.03.06"]
[PlyCount "30"]

1.e4 c5 2.Nf3 Nf6 3.e5 Nd5 4.c4 Nc7 5.Nc3 e6 6.d4 cxd4 7.Nxd4 d6 8.exd6 
Bxd6 9.Be2 O-O 10.O-O Nc6 11.Be3 Nxd4 12.Qxd4 e5 13.Qd2 Qe7 14.Rad1 Bc5 
15.Bxc5 Qxc5 1/2-1/2

[Event "11th EUR-ch"]
[Site "Rijeka CRO"]
[Date "2010.03.12"]
[Round "7"]
[White "Hayes, Peter"]
[Black "Bach, Adrian-Kalman"]
[Result "0-1"]
[WhiteElo "2046"]
[BlackElo "2251"]
[EventDate "2010.03.06"]
[PlyCount "56"]

1.d4 Nf6 2.c4 c5 3.d5 e6 4.Nc3 exd5 5.cxd5 d6 6.g3 g6 7.Bg2 Bg7 8.Nf3 O-O 
9.O-O Na6 10.Nd2 h5 11.Nc4 Nc7 12.Bf4 Nfe8 13.Ne4 f5 14.Nexd6 b5 15.Nxe8 
Nxe8 16.d6 g5 17.Bxa8 gxf4 18.Qd5+ Kh7 19.Ne5 fxg3 20.Rad1 gxh2+ 21.Kh1 
Qxd6 22.f4 Qb8 23.Qg2 Bxe5 24.fxe5 Qxe5 25.Rd5 Qe7 26.Qxh2 Nf6 27.Qe5 Nxd5
28.Qh2 Nf6 0-1

[Event "11th EUR-ch"]
[Site "Rijeka CRO"]
[Date "2010.03.12"]
[Round "7"]
[White "Bar, Aviv"]
[Black "Tassopoulos, Marios"]
[Result "1/2-1/2"]
[WhiteElo "2022"]
[BlackElo "2245"]
[EventDate "2010.03.06"]
[PlyCount "120"]

1.c4 c5 2.Nc3 Nf6 3.g3 d5 4.cxd5 Nxd5 5.Bg2 Nb4 6.Nf3 e6 7.O-O N4c6 8.d3 
Be7 9.Be3 O-O 10.d4 cxd4 11.Nxd4 Nxd4 12.Bxd4 Nc6 13.Be3 Bf6 14.Rc1 Qa5 
15.Qc2 Rd8 16.Rfd1 Bd7 17.Ne4 Rac8 18.Nxf6+ gxf6 19.Qc3 Qxc3 20.Rxc3 Be8 
21.Rdc1 a6 22.Bb6 Rd2 23.R3c2 Rxc2 24.Rxc2 Ne7 25.Rxc8 Nxc8 26.Bd8 Bc6 27.
Bxc6 bxc6 28.Bxf6 Nb6 29.e4 Nd7 30.Bd4 e5 31.Be3 Kf8 32.Kf1 Ke7 33.Ke2 c5 
34.Kd3 Kd6 35.b3 Kc6 36.Bd2 Kb5 37.a4+ Kc6 38.Ke3 Nb6 39.Ba5 c4 40.Bxb6 
cxb3 41.Kd3 Kxb6 42.Kc3 Kc5 43.Kxb3 Kd4 44.f4 exf4 45.gxf4 Kxe4 46.Kb4 
Kxf4 47.Ka5 f5 48.Kxa6 Kg4 49.Kb6 f4 50.a5 f3 51.a6 f2 52.a7 f1=Q 53.a8=Q 
Qf2+ 54.Kb5 Qb2+ 55.Kc5 Qxh2 56.Qe4+ Kg5 57.Qe7+ Kf5 58.Qf7+ Ke4 59.Qd5+ 
Ke3 60.Qd4+ Kf3 1/2-1/2

[Event "11th EUR-ch"]
[Site "Rijeka CRO"]
[Date "2010.03.12"]
[Round "7"]
[White "Di Lazzaro, Gabriele"]
[Black "Bente, Bjorn"]
[Result "0-1"]
[WhiteElo "1898"]
[BlackElo "2245"]
[EventDate "2010.03.06"]
[PlyCount "74"]

1.e4 c6 2.d4 d5 3.e5 Bf5 4.Nf3 e6 5.c3 c5 6.Be3 Qb6 7.Qb3 Nc6 8.dxc5 Bxc5 
9.Bxc5 Qxc5 10.Bb5 Ne7 11.O-O O-O 12.Re1 a6 13.Bf1 b5 14.Qd1 Rfd8 15.Nbd2 
Qb6 16.Nb3 Ng6 17.Nbd4 Bg4 18.Nxc6 Qxc6 19.Bd3 Rac8 20.h3 Bxf3 21.Qxf3 Nf8
22.Rac1 Qb6 23.Qg3 d4 24.Bb1 Rc7 25.cxd4 Rxc1 26.Rxc1 Qxd4 27.b3 Rd5 28.
Kh2 Qxe5 29.f4 Qd4 30.Rc8 g6 31.Qh4 Kg7 32.Bc2 Rc5 33.Rd8 Qf6 34.Qxf6+ 
Kxf6 35.Rxf8 Rxc2 36.a4 bxa4 37.bxa4 Ra2 0-1

[Event "11th EUR-ch"]
[Site "Rijeka CRO"]
[Date "2010.03.12"]
[Round "7"]
[White "Spichkin, Alexander"]
[Black "Porfireanu, Serban"]
[Result "0-1"]
[WhiteElo "2241"]
[BlackElo "2034"]
[EventDate "2010.03.06"]
[PlyCount "52"]

1.b3 d6 2.Bb2 c5 3.e3 Nc6 4.f4 Nf6 5.Nf3 e6 6.Be2 Be7 7.O-O Qc7 8.c4 Bd7 
9.Nc3 a6 10.Rc1 O-O 11.Qe1 d5 12.cxd5 exd5 13.Na4 b6 14.Qg3 g6 15.d3 Nh5 
16.Qf2 d4 17.exd4 Nxf4 18.dxc5 bxc5 19.Nxc5 Rfe8 20.Ne5 Nxe2+ 21.Kh1 Nxe5 
22.Nxd7 Qxd7 23.Rce1 Bb4 24.Rd1 Nc3 25.Bxc3 Bxc3 26.d4 Ng4 0-1

[Event "11th EUR-ch"]
[Site "Rijeka CRO"]
[Date "2010.03.12"]
[Round "7"]
[White "Gebigke, Martin"]
[Black "Lanzani, Giuliano"]
[Result "1-0"]
[WhiteElo "2232"]
[BlackElo "1992"]
[EventDate "2010.03.06"]
[PlyCount "70"]

1.d4 d5 2.c4 c6 3.Nf3 e6 4.Qc2 Nf6 5.Nbd2 a6 6.g3 Nbd7 7.Bg2 Bd6 8.O-O O-O
9.e4 dxe4 10.Ng5 e5 11.Ndxe4 Nxe4 12.Bxe4 g6 13.d5 cxd5 14.Bxd5 Nf6 15.Rd1
Nxd5 16.Rxd5 Qe7 17.Be3 f5 18.h4 f4 19.Bb6 Bf5 20.Ne4 fxg3 21.fxg3 Rac8 
22.Rf1 Bxe4 23.Rxf8+ Kxf8 24.Qxe4 Bc5+ 25.Bxc5 Rxc5 26.Rd2 b5 27.b3 bxc4 
28.bxc4 Kg7 29.Kh2 Qc7 30.Qg4 Qc8 31.Rd7+ Kh8 32.Qd1 Qc6 33.Rf7 Qe8 34.Qf3
Kg8 35.Ra7 Qf8 1-0

[Event "11th EUR-ch"]
[Site "Rijeka CRO"]
[Date "2010.03.12"]
[Round "7"]
[White "Hartung, Jerry"]
[Black "Mihalinec, Damir"]
[Result "1/2-1/2"]
[WhiteElo "2191"]
[BlackElo "2232"]
[EventDate "2010.03.06"]
[PlyCount "110"]

1.e4 c5 2.Nf3 d6 3.d4 cxd4 4.Nxd4 Nf6 5.Nc3 g6 6.Be2 Bg7 7.Be3 O-O 8.O-O 
Nc6 9.Qd2 Bd7 10.a4 Rc8 11.f3 Ne5 12.a5 Nc4 13.Bxc4 Rxc4 14.Ncb5 e5 15.
Nxd6 Rxd4 16.Bxd4 exd4 17.Qxd4 Bc6 18.Rfd1 Nxe4 19.Qxa7 Nxd6 20.Qc5 Bxb2 
21.Rxd6 Bxa1 22.Rxd8 Rxd8 23.c3 Rd3 24.a6 Rxc3 25.a7 Rxc5 26.a8=Q+ Kg7 27.
Qxa1+ f6 28.Qa3 Re5 29.Qd6 Kf7 30.Kf2 Rd5 31.Qb8 Rd7 32.h4 Kg7 33.Qc8 h5 
34.Ke3 Rf7 35.g4 Bd7 36.Qc4 Re7+ 37.Kf4 hxg4 38.fxg4 Bc6 39.Qc5 Re4+ 40.
Kg3 Kf7 41.Qd6 Re3+ 42.Kh2 Re6 43.Qf4 Re2+ 44.Kg3 Re5 45.Qh6 g5 46.Qh7+ 
Ke6 47.h5 Re3+ 48.Kf2 Rf3+ 49.Ke1 Ke5 50.h6 Be4 51.Qc7+ Kd4 52.Qb6+ Kc4 
53.Qe6+ Kd4 54.Qd6+ Kc4 55.Qe6+ Kd4 1/2-1/2

[Event "11th EUR-ch"]
[Site "Rijeka CRO"]
[Date "2010.03.12"]
[Round "7"]
[White "Juranic, Bruno"]
[Black "Antoniacci, Riccardo"]
[Result "1-0"]
[WhiteElo "2220"]
[BlackElo "1921"]
[EventDate "2010.03.06"]
[PlyCount "77"]

1.e4 Nc6 2.d4 d5 3.e5 Bf5 4.c3 e6 5.Ne2 g5 6.Ng3 Bg6 7.Bd3 f5 8.exf6 Qxf6 
9.Bxg6+ Qxg6 10.Qh5 Be7 11.O-O Qxh5 12.Nxh5 Nf6 13.Nxf6+ Bxf6 14.Re1 Kd7 
15.f4 h6 16.Be3 Ne7 17.Nd2 Nf5 18.fxg5 hxg5 19.g4 Nd6 20.Rf1 Be7 21.Kg2 
Rh7 22.Nf3 Ne4 23.Ne5+ Kd6 24.Rf3 Bf6 25.Rxf6 Nxf6 26.Bxg5 Nd7 27.Rf1 Rf8 
28.Rxf8 Nxf8 29.h4 Nd7 30.h5 c5 31.Nxd7 Kxd7 32.Bf6 cxd4 33.cxd4 Ke8 34.
Be5 Rf7 35.h6 Kf8 36.g5 Rh7 37.Kg3 Kf7 38.Kf4 Kg6 39.Bg7 1-0

[Event "11th EUR-ch"]
[Site "Rijeka CRO"]
[Date "2010.03.12"]
[Round "7"]
[White "Civric, Zdravko"]
[Black "Dubrovic, Mihovil"]
[Result "1-0"]
[WhiteElo "2207"]
[BlackElo "1849"]
[EventDate "2010.03.06"]
[PlyCount "109"]

1.e4 e5 2.Nf3 Nc6 3.Bb5 Nge7 4.O-O d6 5.d4 Bd7 6.c3 Ng6 7.Be3 Be7 8.d5 Nb8
9.a4 O-O 10.Bd3 f5 11.exf5 Bxf5 12.Bxf5 Rxf5 13.Qd3 Rf8 14.Nbd2 Nf4 15.
Bxf4 Rxf4 16.g3 Rf8 17.a5 Nd7 18.Ne4 h6 19.Kg2 Nf6 20.Nxf6+ Rxf6 21.Nd2 
Qe8 22.Ne4 Rf8 23.b4 Qg6 24.c4 Rf4 25.f3 Rf7 26.Ra3 h5 27.Nc5 Qxd3 28.Nxd3
Raf8 29.Nf2 g5 30.h3 Kg7 31.g4 Rf4 32.Ne4 hxg4 33.hxg4 Rh8 34.Rc3 Rf7 35.
Rh1 Rxh1 36.Kxh1 Rf8 37.c5 Kg6 38.Kg2 dxc5 39.bxc5 Rd8 40.a6 bxa6 41.d6 
Bf8 42.Ra3 cxd6 43.Rxa6 Rd7 44.cxd6 Kf7 45.Nxg5+ Ke8 46.Ne4 Kd8 47.g5 Kc8 
48.Kg3 Rb7 49.Kg4 Rb6 50.Rxb6 axb6 51.Kf5 b5 52.Ke6 b4 53.Nc5 Kd8 54.Nb7+ 
Kc8 55.d7+ 1-0

[Event "11th EUR-ch"]
[Site "Rijeka CRO"]
[Date "2010.03.12"]
[Round "7"]
[White "Jelecevic, Ivo"]
[Black "Mravic, Filip"]
[Result "1-0"]
[WhiteElo "2203"]
[BlackElo "1718"]
[EventDate "2010.03.06"]
[PlyCount "83"]

1.e4 e5 2.Nf3 Nf6 3.Nxe5 d6 4.Nf3 Nxe4 5.Nc3 Nxc3 6.dxc3 Be7 7.Bf4 Nc6 8.
Qd2 Be6 9.O-O-O h6 10.Kb1 Qd7 11.h3 a6 12.g4 g5 13.Bg3 O-O-O 14.Bg2 f5 15.
gxf5 Bxf5 16.Nd4 Nxd4 17.Qxd4 Kb8 18.Rhe1 Rde8 19.Qb4 Qb5 20.Qd4 Rhf8 21.
a4 Qd7 22.Qb4 Qc8 23.Rxe7 Rxe7 24.Rxd6 Re6 25.Rxe6 Bxe6 26.Bxb7 a5 27.
Bxc8+ axb4 28.Bxe6 bxc3 29.bxc3 h5 30.h4 gxh4 31.Bxh4 Rf4 32.Bg3 Rxa4 33.
c4 Ra5 34.Bd5 Ra6 35.Kc1 Rf6 36.Kd2 Kc8 37.Ke3 Kd7 38.Bh4 Rf8 39.Bf3 Rf5 
40.Be4 Rf8 41.Bg6 Rh8 42.Kf4 1-0

[Event "11th EUR-ch"]
[Site "Rijeka CRO"]
[Date "2010.03.12"]
[Round "7"]
[White "Sahitaj, Naim"]
[Black "Ofstad, Per"]
[Result "1-0"]
[WhiteElo "1562"]
[BlackElo "2197"]
[EventDate "2010.03.06"]
[PlyCount "49"]

1.e4 c6 2.d4 d5 3.Nc3 dxe4 4.Nxe4 Bf5 5.Ng3 Bg6 6.Nf3 Nd7 7.h4 h6 8.Bd3 
Bxd3 9.Qxd3 Qc7 10.Be3 e6 11.O-O-O Ngf6 12.c4 O-O-O 13.Qc3 Kb8 14.Ne5 Nxe5
15.dxe5 Nd7 16.f4 Be7 17.Ne4 Nb6 18.Nd6 f5 19.Qa3 Rd7 20.Rd3 Rhd8 21.Rb3 
Nc8 22.c5 Bf8 23.Qa6 Ne7 24.Bd2 Ka8 25.Qa4 1-0

[Event "11th EUR-ch"]
[Site "Rijeka CRO"]
[Date "2010.03.12"]
[Round "7"]
[White "Winkler, Stefan"]
[Black "Zrilic, Bozo"]
[Result "0-1"]
[WhiteElo "1855"]
[BlackElo "1964"]
[EventDate "2010.03.06"]
[PlyCount "60"]

1.e4 c5 2.Nf3 Nc6 3.Bb5 Nd4 4.Bc4 g6 5.c3 Nxf3+ 6.Qxf3 e6 7.O-O Bg7 8.Qe2 
Ne7 9.d3 O-O 10.Bg5 f6 11.Be3 b6 12.f4 Kh8 13.Nd2 Bb7 14.Bb3 d5 15.Rad1 d4
16.Bf2 Qd7 17.Nf3 Nc6 18.e5 fxe5 19.fxe5 Na5 20.Bc2 Rf5 21.Bg3 Bh6 22.Nh4 
Be3+ 23.Kh1 Rg8 24.Rde1 Qg7 25.Qg4 Rgf8 26.Nxf5 exf5 27.Qh4 g5 28.Qh3 g4 
29.Qh4 Bxg2+ 30.Kxg2 Qb7+ 0-1

[Event "11th EUR-ch"]
[Site "Rijeka CRO"]
[Date "2010.03.12"]
[Round "7"]
[White "Stefan, Mario"]
[Black "Sgnaolin, Davide"]
[Result "0-1"]
[WhiteElo "1968"]
[BlackElo "2234"]
[EventDate "2010.03.06"]
[PlyCount "88"]

1.e4 c5 2.Nf3 Nc6 3.c3 Nf6 4.e5 Nd5 5.d4 cxd4 6.cxd4 d6 7.Bc4 Nb6 8.Bb5 
dxe5 9.Nxe5 Bd7 10.Nxd7 Qxd7 11.O-O e6 12.Nc3 Be7 13.Qg4 O-O 14.Rd1 a6 15.
Bh6 Bf6 16.Ne4 Qe7 17.Bxc6 bxc6 18.Rd3 Kh8 19.Rf3 Bxd4 20.Ng5 Bf6 21.Nxh7 
Kxh7 22.Rh3 gxh6 23.Qe4+ Kg8 24.Rxh6 Rfd8 25.Qh7+ Kf8 26.Rh3 Nd5 27.Rg3 
Ke8 28.Re1 Kd7 29.Qc2 Qd6 30.Rf3 Rh8 31.g3 Rab8 32.Qa4 Rxb2 33.Qxa6 Rhb8 
34.h4 Rb1 35.Rxb1 Rxb1+ 36.Kg2 Qb4 37.Qa7+ Qb7 38.Qc5 Qa6 39.Ra3 Qf1+ 40.
Kf3 Qh1+ 41.Kg4 Qe4+ 42.f4 Qe2+ 43.Rf3 Rf1 44.Qa3 Rxf3 0-1

[Event "11th EUR-ch"]
[Site "Rijeka CRO"]
[Date "2010.03.12"]
[Round "7"]
[White "Pejic, Igor"]
[Black "Kinez, Ivo"]
[Result "0-1"]
[WhiteElo "1900"]
[BlackElo "2138"]
[EventDate "2010.03.06"]
[PlyCount "104"]

1.e4 c5 2.Nf3 d6 3.d4 cxd4 4.Qxd4 Bd7 5.c4 Nc6 6.Qd2 Nf6 7.Nc3 g6 8.b3 Bg7
9.Bb2 O-O 10.Be2 a6 11.O-O Rc8 12.Rfd1 h6 13.Rac1 b6 14.c5 bxc5 15.Bxa6 
Rb8 16.Re1 Qa5 17.Bc4 Ng4 18.Na4 Qa7 19.Bxg7 Kxg7 20.Nc3 Kh7 21.h3 Nge5 
22.Nxe5 Nxe5 23.Be2 Bc6 24.f4 Nd7 25.Kh2 Nf6 26.Bf3 Rfd8 27.Rcd1 Rd7 28.
Qf2 Qa5 29.Re3 Ng8 30.g4 e6 31.Bg2 Rb4 32.Red3 Qc7 33.Qd2 Nf6 34.e5 dxe5 
35.Rxd7 Bxd7 36.g5 Rd4 37.Qe1 hxg5 38.fxe5 Nh5 39.Kh1 Bc6 40.Rxd4 cxd4 41.
Ne4 Bxe4 42.Bxe4 Kg7 43.Bf3 Nf4 44.a4 Qc2 45.Qd1 Qc3 46.a5 Qxa5 47.Qxd4 
Qe1+ 48.Kh2 Qf1 49.Kg3 Qxh3+ 50.Kf2 Qh2+ 51.Kf1 g4 52.Bc6 g3 0-1

[Event "11th EUR-ch"]
[Site "Rijeka CRO"]
[Date "2010.03.12"]
[Round "7"]
[White "Krsnik Cohar, Ivan Vihor"]
[Black "Burstein, Almog"]
[Result "0-1"]
[WhiteElo "1718"]
[BlackElo "2100"]
[EventDate "2010.03.06"]
[PlyCount "100"]

1.d4 Nf6 2.Nf3 d5 3.Bg5 Ne4 4.Bf4 c5 5.e3 Qb6 6.Qc1 Nc6 7.c3 Bf5 8.Nbd2 
cxd4 9.exd4 Rc8 10.a3 e6 11.Be2 Be7 12.O-O g5 13.Be3 g4 14.Ne5 g3 15.fxg3 
Nxg3 16.hxg3 Nxe5 17.Bf4 Nc6 18.Nf3 f6 19.Kh2 Na5 20.Nd2 h5 21.b4 Nc6 22.
Nf3 Bg4 23.Qe3 e5 24.dxe5 Qxe3 25.Bxe3 fxe5 26.Bb5 e4 27.Ne5 Bd7 28.Nxd7 
Kxd7 29.Bxa7 Ke6 30.Bxc6 bxc6 31.Bd4 Rhg8 32.a4 Bd6 33.Bf2 h4 34.Bd4 Rxg3 
35.Rf6+ Ke7 36.Kh1 Rcg8 37.Rh6 R3g4 38.Bf6+ Kd7 39.Bxh4 Rxg2 40.Bf6 e3 41.
Re1 e2 42.Bd4 Bf4 43.Rh7+ Ke6 44.Bc5 Kf5 45.Rf7+ Ke4 46.Rxf4+ Kxf4 47.b5 
cxb5 48.axb5 Kf3 49.Bd4 R8g3 50.b6 Rh3# 0-1

[Event "11th EUR-ch"]
[Site "Rijeka CRO"]
[Date "2010.03.12"]
[Round "7"]
[White "Spika, Ivica"]
[Black "Srdoc, Nenad"]
[Result "0-1"]
[WhiteElo "2085"]
[BlackElo "1949"]
[EventDate "2010.03.06"]
[PlyCount "97"]

1.c4 e6 2.g3 d5 3.Bg2 f5 4.cxd5 exd5 5.Nf3 Nf6 6.O-O Bd6 7.e3 O-O 8.b3 c6 
9.Bb2 Nbd7 10.Qc2 Ne4 11.d3 Ng5 12.Nbd2 Nxf3+ 13.Nxf3 Qe7 14.Rfe1 Nf6 15.
Nd2 Qf7 16.f4 Be6 17.Nf3 Rae8 18.Ne5 Qh5 19.Bf3 Qh6 20.Qg2 Nd7 21.h3 Nxe5 
22.fxe5 Be7 23.h4 g5 24.hxg5 Qxg5 25.Kf2 Bc5 26.d4 Bb4 27.Rh1 Bd2 28.Rae1 
Bxe1+ 29.Rxe1 Rf7 30.Rh1 Rg7 31.Bc3 Rc8 32.b4 Kf7 33.Rh5 Qg6 34.Rh4 Ke7 
35.Be1 Rcg8 36.Kf1 f4 37.Rxf4 Qd3+ 38.Qe2 Qxe2+ 39.Bxe2 Rf7 40.Bh5 Rxf4+ 
41.exf4 Bg4 42.Bxg4 Rxg4 43.Ke2 Ke6 44.Kf3 h5 45.b5 cxb5 46.Bb4 Kf5 47.Be7
Rg8 48.Bc5 b6 49.Be7 0-1

[Event "11th EUR-ch"]
[Site "Rijeka CRO"]
[Date "2010.03.12"]
[Round "7"]
[White "Dubrovic, Gabriel"]
[Black "Piro, Valerio"]
[Result "0-1"]
[WhiteElo "1606"]
[BlackElo "2067"]
[EventDate "2010.03.06"]
[PlyCount "100"]

1.e3 d5 2.d4 c6 3.c4 Nf6 4.Nc3 a6 5.h3 Bf5 6.Bd3 Bxd3 7.Qxd3 e6 8.a3 Nbd7 
9.Nf3 Bd6 10.e4 dxe4 11.Nxe4 Nxe4 12.Qxe4 Nf6 13.Qe2 O-O 14.Bg5 Qa5+ 15.
Qd2 Qxd2+ 16.Nxd2 Rfd8 17.Bxf6 gxf6 18.Ne4 f5 19.Nxd6 Rxd6 20.O-O-O Rad8 
21.d5 cxd5 22.cxd5 Rxd5 23.Rxd5 Rxd5 24.Rd1 Rxd1+ 25.Kxd1 e5 26.g3 Kf8 27.
Kc2 Ke7 28.Kd3 Kd6 29.Kc4 Kc6 30.a4 b6 31.b3 Kd6 32.Kd3 Kc5 33.g4 fxg4 34.
hxg4 Kd5 35.f3 h6 36.Ke3 Ke6 37.Ke4 a5 38.f4 exf4 39.Kxf4 Kf6 40.Ke4 Kg5 
41.Kd5 Kxg4 42.Kc6 h5 43.Kxb6 h4 44.Kxa5 h3 45.b4 h2 46.b5 h1=Q 47.b6 Qc6 
48.b7 Qc5+ 49.Ka6 Qc4+ 50.Ka5 Qb3 0-1

[Event "11th EUR-ch"]
[Site "Rijeka CRO"]
[Date "2010.03.12"]
[Round "7"]
[White "Durandeau, Jean-Marie"]
[Black "Pfeifer, Antun"]
[Result "0-1"]
[WhiteElo "2040"]
[BlackElo "1882"]
[EventDate "2010.03.06"]
[PlyCount "98"]

1.e4 c5 2.Nf3 d6 3.d4 cxd4 4.Qxd4 Bd7 5.Bc4 Nc6 6.Qd3 Nf6 7.O-O e6 8.Bf4 
Qc7 9.Nc3 a6 10.Rad1 Ne5 11.Nxe5 dxe5 12.Bc1 Bc5 13.Qe2 O-O 14.Kh1 Rfd8 
15.f3 Bc6 16.Bb3 Rxd1 17.Rxd1 Rd8 18.Rxd8+ Qxd8 19.Be3 Bd4 20.Nd1 Qb6 21.
c3 Bxe3 22.Qxe3 Qb5 23.Kg1 h6 24.Bc2 Qa5 25.a3 Nd7 26.c4 Qc7 27.b4 b6 28.
Qd3 Bb7 29.Ba4 Bc6 30.Bb3 Bb7 31.Nb2 Kf8 32.Na4 Ke7 33.c5 Bc6 34.Qxa6 Bxa4
35.Bxa4 bxc5 36.Bxd7 Kxd7 37.Qd3+ Kc8 38.b5 c4 39.Qc3 Qb6+ 40.Kf1 Qxb5 41.
Ke2 Kc7 42.Kd2 Kc6 43.Kc2 Qc5 44.Qb2 Qf2+ 45.Kc3 Qd4+ 46.Kc2 Qd3+ 47.Kc1 
Qf1+ 48.Kc2 Qxg2+ 49.Kc3 Qxf3+ 0-1

[Event "11th EUR-ch"]
[Site "Rijeka CRO"]
[Date "2010.03.12"]
[Round "7"]
[White "Tica, Sven"]
[Black "Nastic, Milorad"]
[Result "0-1"]
[WhiteElo "1562"]
[BlackElo "2009"]
[EventDate "2010.03.06"]
[PlyCount "56"]

1.c4 e5 2.g3 d6 3.Bg2 f5 4.d4 e4 5.Nc3 Nf6 6.e3 Be6 7.d5 Bf7 8.Nge2 Nbd7 
9.h4 Ne5 10.Nf4 Qd7 11.b3 g6 12.Ba3 Bg7 13.Rc1 Nh5 14.Nce2 Bh6 15.Qd4 Nxf4
16.exf4 Nd3+ 17.Kf1 O-O 18.Rd1 Bg7 19.Qe3 b5 20.Nc1 bxc4 21.bxc4 Qa4 22.
Nxd3 Qxd1+ 23.Ne1 Rab8 24.Kg1 Bd4 25.Qc1 Qe2 26.Kh2 Bxf2 27.Qc2 Qe3 28.Bf3
Bxe1 0-1

[Event "11th EUR-ch"]
[Site "Rijeka CRO"]
[Date "2010.03.12"]
[Round "7"]
[White "Klasan, Elvis"]
[Black "Monjac, Mislav"]
[Result "1/2-1/2"]
[WhiteElo "1995"]
[BlackElo "1876"]
[EventDate "2010.03.06"]
[PlyCount "90"]

1.Nf3 Nf6 2.b3 d5 3.Bb2 e6 4.e3 c5 5.c4 Be7 6.Be2 O-O 7.O-O Nc6 8.d4 b6 9.
Re1 Bb7 10.Nbd2 Qd7 11.Nf1 Rfd8 12.Ng3 Rac8 13.Rc1 Qe8 14.Qc2 dxc4 15.bxc4
Nb4 16.Qb1 cxd4 17.exd4 Bd6 18.Bc3 a5 19.a3 Bxg3 20.hxg3 Be4 21.Qb3 Nd3 
22.Bxd3 Bxd3 23.Bxa5 Bxc4 24.Qxb6 Rb8 25.Qxd8 Rxd8 26.Bxd8 Qxd8 27.Rxc4 g6
28.Rec1 Kg7 29.Rc7 Ne4 30.a4 Qa8 31.R1c4 Nd6 32.R4c6 Ne8 33.Rc8 Qxa4 34.
Rc1 Nd6 35.R8c7 Nb5 36.R7c4 Qa2 37.Rc5 Qb2 38.R5c2 Qb4 39.Rc4 Qd6 40.Rd1 
Qa3 41.Rcc1 Qd6 42.g4 h6 43.g3 Qd5 44.Kg2 Qe4 45.Re1 Qd3 1/2-1/2

[Event "11th EUR-ch"]
[Site "Rijeka CRO"]
[Date "2010.03.12"]
[Round "7"]
[White "Faika, Michael"]
[Black "Lekic, Lazar"]
[Result "0-1"]
[WhiteElo "2102"]
[BlackElo "1739"]
[EventDate "2010.03.06"]
[PlyCount "52"]

1.e4 c5 2.Nf3 e6 3.d4 cxd4 4.c3 dxc3 5.Nxc3 Nc6 6.Bc4 Qc7 7.Qe2 Nf6 8.Bg5 
h6 9.Bh4 d6 10.O-O Be7 11.Rfd1 O-O 12.Rac1 a6 13.e5 dxe5 14.Bd3 Nd5 15.Qe4
g6 16.Bxe7 Ndxe7 17.Qh4 Kg7 18.Re1 b6 19.Nxe5 Nxe5 20.Nd5 Qd6 21.Qf6+ Kh7 
22.Rxe5 Nxd5 23.Rxd5 Qxd5 24.Rc7 Kg8 25.Rxf7 Rxf7 26.Qxg6+ Kf8 0-1

[Event "11th EUR-ch"]
[Site "Rijeka CRO"]
[Date "2010.03.12"]
[Round "7"]
[White "Russo, Carmelo"]
[Black "Bozinovic, Boban"]
[Result "0-1"]
[WhiteElo "1714"]
[BlackElo "2086"]
[EventDate "2010.03.06"]
[PlyCount "35"]

1.d4 Nf6 2.c4 c5 3.d5 b5 4.b3 bxc4 5.bxc4 g6 6.Bb2 d6 7.Bxf6 exf6 8.Nd2 
Bg7 9.e4 f5 10.Rb1 fxe4 11.Nxe4 O-O 12.Be2 Bf5 13.Bd3 Bxe4 14.Bxe4 Re8 15.
Qc2 f5 16.f3 fxe4 17.fxe4 Qh4+ 18.Ke2 0-1

[Event "11th EUR-ch"]
[Site "Rijeka CRO"]
[Date "2010.03.12"]
[Round "7"]
[White "Plenca, Jadranko"]
[Black "Schweitzer, Werner"]
[Result "0-1"]
[WhiteElo "1718"]
[BlackElo "2069"]
[EventDate "2010.03.06"]
[PlyCount "42"]

1.e4 c6 2.d4 d5 3.exd5 cxd5 4.c4 Nf6 5.Nc3 Nc6 6.Nf3 Bg4 7.Qb3 Bxf3 8.gxf3
Nxd4 9.Qxb7 Nxf3+ 10.Ke2 Nd4+ 11.Ke1 Qc8 12.Qxc8+ Rxc8 13.Kd1 dxc4 14.Be3 
e5 15.f4 Ng4 16.Bg1 f6 17.Bh3 h5 18.Bxg4 hxg4 19.fxe5 fxe5 20.Bf2 Rd8 21.
Bg3 Nb3+ 0-1

[Event "11th EUR-ch"]
[Site "Rijeka CRO"]
[Date "2010.03.12"]
[Round "7"]
[White "Guidi, Maurizio"]
[Black "Mateta, Marin"]
[Result "1-0"]
[WhiteElo "2050"]
[BlackElo "1687"]
[EventDate "2010.03.06"]
[PlyCount "41"]

1.e4 g6 2.d4 Bg7 3.Nc3 d6 4.Be3 Bd7 5.Be2 a6 6.a4 c6 7.Qd2 e6 8.f4 Ne7 9.
Nf3 d5 10.O-O dxe4 11.Nxe4 O-O 12.c4 Bc8 13.Ne5 Nf5 14.Rfd1 Qc7 15.c5 Rd8 
16.g4 Nxe3 17.Qxe3 f5 18.gxf5 exf5 19.Bc4+ Kf8 20.Ng5 Re8 21.Nxg6+ 1-0

[Event "11th EUR-ch"]
[Site "Rijeka CRO"]
[Date "2010.03.12"]
[Round "7"]
[White "Gradiser, Dragoljub"]
[Black "Rafaelic, Denis"]
[Result "1-0"]
[WhiteElo "1954"]
[BlackElo "1714"]
[EventDate "2010.03.06"]
[PlyCount "119"]

1.e4 c5 2.Nf3 d6 3.d4 cxd4 4.Nxd4 Nf6 5.Nc3 a6 6.Bg5 e6 7.Be2 Be7 8.O-O 
O-O 9.Kh1 Nc6 10.Qd2 Qc7 11.f4 h6 12.Bxf6 Bxf6 13.Nf3 b5 14.a3 Bb7 15.h3 
Rac8 16.Nd1 Na5 17.Bd3 Nc4 18.Qc1 Qb6 19.Rb1 Rc7 20.b3 Na5 21.Qd2 Nc6 22.
Ne3 Rfc8 23.Ng4 Be7 24.f5 exf5 25.exf5 f6 26.Rbe1 Bf8 27.Re6 Nd4 28.Nxd4 
Qxd4 29.Qf2 Qxf2 30.Rxf2 Bd5 31.Re1 Rc3 32.Ne3 Bf7 33.Nd1 R3c5 34.Rfe2 Re5
35.Ne3 Rce8 36.Kg1 d5 37.b4 Bd6 38.Ng4 Rxe2 39.Rxe2 Rxe2 40.Bxe2 d4 41.Nf2
Bd5 42.Bf3 Bxf3 43.gxf3 Bf4 44.Nd3 Bd2 45.Kf2 Kf7 46.Nc5 Bc1 47.Nxa6 Bxa3 
48.Nc7 Bxb4 49.Nxb5 Bc5 50.Ke2 g6 51.Kd3 gxf5 52.Nxd4 Kg6 53.Ne6 Bd6 54.
Ke2 Kh5 55.Kf2 f4 56.c4 Kg6 57.c5 Bb8 58.c6 Kf7 59.c7 Ba7+ 60.Ke2 1-0

[Event "11th EUR-ch"]
[Site "Rijeka CRO"]
[Date "2010.03.12"]
[Round "7"]
[White "Cabrijan, Ivan"]
[Black "Dujic, Davor"]
[Result "0-1"]
[WhiteElo "1811"]
[BlackElo "1598"]
[EventDate "2010.03.06"]
[PlyCount "207"]

1.e4 b6 2.d4 Bb7 3.d5 Nf6 4.Nc3 c6 5.Bc4 d6 6.a4 Nbd7 7.Nge2 cxd5 8.exd5 
g6 9.O-O Bg7 10.Ng3 O-O 11.Bg5 Rc8 12.Ba2 h6 13.Be3 Re8 14.Qd2 Kh7 15.Rab1
Ne5 16.h3 Ba6 17.Rfd1 Bc4 18.b3 Ba6 19.Nge4 Nxe4 20.Nxe4 f5 21.Ng3 Qc7 22.
c4 Rb8 23.Ne2 Bc8 24.Rbc1 Rf8 25.Bd4 Bd7 26.Bb1 g5 27.f4 Nf7 28.Bxg7 Kxg7 
29.Ng3 Kg6 30.Qe2 Qc8 31.Qh5+ Kg7 32.Qf3 a6 33.Qd3 Nh8 34.Re1 Ng6 35.Qd4+ 
Kh7 36.fxg5 hxg5 37.Qd1 Kg7 38.Qd3 Ne5 39.Qd1 Rh8 40.Qd2 Kg6 41.Rf1 Qc5+ 
42.Qf2 Rbf8 43.Qxc5 bxc5 44.Rf2 Rf7 45.Rcf1 Rhf8 46.Ne2 Kg7 47.Bc2 f4 48.
Nc3 g4 49.Ne4 Kh6 50.h4 g3 51.Rd2 Kh5 52.Ng5 Rg7 53.Nf3 Ng4 54.Rb1 a5 55.
Bd3 Bf5 56.Bxf5 Rxf5 57.Ng5 Kxh4 58.Ne6 Rg8 59.Re2 Ne3 60.Nxf4 Rxf4 61.
Rxe3 Rg7 62.Rbe1 Rd4 63.Re4+ Rxe4 64.Rxe4+ Kg5 65.Re3 Kf4 66.Rf3+ Ke4 67.
Kf1 Kd4 68.Ke2 Ke4 69.Rf8 Rh7 70.Rf3 Rg7 71.Rf8 Rh7 72.Rg8 Kf4 73.Rf8+ Ke4
74.Re8 Rf7 75.Ke1 Ke3 76.Rg8 Kf4 77.Ke2 Rf5 78.Kd3 Re5 79.Rf8+ Kg5 80.Rf3 
Kg4 81.Rf7 Kg5 82.Kd2 Re4 83.Rf3 Kg4 84.Kd3 Re1 85.Re3 Rd1+ 86.Ke2 Rg1 87.
Re4+ Kf5 88.Rxe7 Rxg2+ 89.Kf3 Rg1 90.Re6 Rb1 91.Rxd6 Rxb3+ 92.Kg2 Rb4 93.
Rc6 Rxc4 94.Rc8 Ke5 95.Rd8 Rd4 96.Kxg3 Rxa4 97.Kf3 Rd4 98.Ke3 a4 99.Ra8 
Kxd5 100.Rxa4 Kc6 101.Ke2 Kb6 102.Ra8 Kb5 103.Rh8 Kb4 104.Rh1 0-1